00411nam a2200169Ia 4500008004100000041001200041082001700053100003000070245002800100365000900128520001200137546001200149630002800161650001200189655001200201730002800213101110s9999 xx 000 0 und d aENGLISH bSR16516a951 aShiv Kumar and Jain Saroj aHistory of Modern China b12.5 aHistory aENGLISH aHistory of Modern China aHistory aHistory aHistory of Modern China